000 00525nam a2200193Ia 4500
999 _c33157
_d33157
003 OSt
005 20200929095106.0
008 190216s9999||||xx |||||||||||||| ||und||
020 _a0839101074
040 _coclc
082 _a571.4
_bKOT/A
100 _aKotani, Masao
_95101
245 0 _aAdvances In Biophysics /
_cMasao Kotani
250 _a1st Ed.
260 _bJapan Scientific Press,
_c1978.
_aTokyo:
300 _a257p
650 _aPhysics
942 _cBK
_2ddc
_h571.4
_iKOT/A
_k571.4
_mKOT/A